000 00473nam a22001697a 4500
005 20240903104316.0
008 240903b |||||||| |||| 00| 0 eng d
022 _a10246991
041 _aEnglish
082 _a349 NAM
100 _lEnglish
245 _aThe Namibian Law Reports 2014
260 _aWindhoek:
_bJuta and Company Ltd,
_c2014
300 _bxxviii, 304 pages;
_c26 cm.
650 _aLegal practice
_bLaw
942 _cBK
_6ALISON_BN_VRIES
999 _c2989
_d2989